[Event "GRE-chT 50th"]
[Site "Nikaia"]
[Date "2023.08.30"]
[Round "7.6"]
[White "Tzakosta, Konstantina"]
[Black "Kratimenou, Georgia"]
[Result "0-1"]
[WhiteElo "1290"]
[BlackElo "1479"]
[PlyCount "64"]
[EventDate "2023.08.25"]
[EventType "team"]
[EventRounds "9"]
[EventCountry "GRE"]
[SourceTitle "EXT 2024"]
[Source "ChessBase"]
[SourceDate "2023.10.10"]
[SourceVersion "1"]
[SourceVersionDate "2023.10.10"]
[SourceQuality "1"]
[WhiteTeam "Patron"]
[BlackTeam "Panionios"]
[WhiteTeamCountry "GRE"]
[BlackTeamCountry "GRE"]

1. e4 c5 2. c3 g6 3. d4 cxd4 4. cxd4 d5 5. e5 Nc6 6. Nf3 Bg7 7. Nc3 f6 8. Bb5 a6 9. Bxc6+ bxc6 10. h3 fxe5 11. dxe5 Qc7 12. Bf4 e6 13. 0-0 Ne7 14. Re1 0-0 15. Bh2 c5 16. Rc1 Bh6 17. Rc2 Qa5 18. a3 Bd7 19. Nd2 Bc6 20. Nb3 Qb6 21. Nd2 Nf5 22. b3 Qa5 23. Ndb1 Rab8 24. Rb2 Nd4 25. b4 cxb4 26. Qxd4 bxc3 27. Rxb8 Rxb8 28. f4 c2 29. Nd2 Qxa3 30. Qa1 Qd3 31. Qa5 Bf8 32. Rf1 Rb4 0-1

[Event "GRE-ch U16 Girls"]
[Site "Thessaloniki"]
[Date "2022.08.19"]
[Round "2"]
[White "Kratimenou, Georgia"]
[Black "Miliou, Pinelopi"]
[Result "1/2-1/2"]
[WhiteElo "1494"]
[BlackElo "1411"]
[PlyCount "62"]
[EventDate "2022.08.18"]
[EventType "swiss"]
[EventRounds "9"]
[EventCountry "GRE"]
[SourceTitle "EXT 2024"]
[Source "ChessBase"]
[SourceDate "2023.10.10"]
[SourceVersion "1"]
[SourceVersionDate "2023.10.10"]
[SourceQuality "1"]

1. e4 c5 2. Nf3 e6 3. d4 cxd4 4. Nxd4 Nc6 5. Nc3 Qc7 6. f4 d6 7. Nxc6 bxc6 8. Bc4 Nf6 9. Bb3 Be7 10. Be3 0-0 11. 0-0 Bb7 12. f5 d5 13. exd5 exd5 14. Bd4 Rfd8 15. Rf3 c5 16. Bxf6 Bxf6 17. Rh3 c4 18. Ba4 a6 19. Qh5 h6 20. Rg3 Kh7 21. Kh1 d4 22. Ne2 Rac8 23. Rd1 Qe5 24. Ng1 Qe7 25. Nh3 Bh4 26. Rg4 Bf6 27. b3 c3 28. Nf4 Bg5 29. Nh3 Bf6 30. Ng1 Rc7 31. Nh3 Rcc8 1/2-1/2

[Event "GRE-chT 49th"]
[Site "Thessaloniki"]
[Date "2022.08.15"]
[Round "5.6"]
[White "Kratimenou, Georgia"]
[Black "Apostolakaki, Evangelia"]
[Result "0-1"]
[WhiteElo "1494"]
[BlackElo "1608"]
[PlyCount "72"]
[EventDate "2022.08.12"]
[EventType "team-swiss"]
[EventRounds "7"]
[EventCountry "GRE"]
[SourceTitle "CBM 209 Extra"]
[Source "ChessBase"]
[SourceDate "2022.09.30"]
[SourceVersion "1"]
[SourceVersionDate "2022.09.30"]
[SourceQuality "1"]
[WhiteTeam "Panionios YS"]
[BlackTeam "Pneemathlon"]
[WhiteTeamCountry "GRE"]
[BlackTeamCountry "GRE"]

1. e4 e5 2. Nf3 Nc6 3. Nc3 Nf6 4. Bb5 Bb4 5. d3 d6 6. 0-0 0-0 7. Bg5 Ne7 8. Bxf6 gxf6 9. Ne2 f5 10. c3 Ba5 11. exf5 Nxf5 12. Qc2 c6 13. Ba4 Re8 14. Qd2 d5 15. b4 Bc7 16. Ng3 b5 17. Bb3 a5 18. a3 a4 19. Ba2 Kh8 20. Rfe1 f6 21. Nxf5 Bxf5 22. Nh4 Bc8 23. Qh6 Rg8 24. c4 Ra6 25. c5 f5 26. Qh5 Rg5 27. Qf7 f4 28. d4 e4 29. f3 e3 30. Bb1 Rg7 31. Qh5 Qg5 32. Qe8+ Rg8 33. Qf7 Qxh4 34. Re2 Bb8 35. Bxh7 Rd8 36. Bg6 Ra7 0-1

[Event "GRE-chT 49th"]
[Site "Thessaloniki"]
[Date "2022.08.13"]
[Round "2.2"]
[White "Kratimenou, Georgia"]
[Black "Kiousi, Panagiota"]
[Result "0-1"]
[WhiteElo "1494"]
[BlackElo "1878"]
[PlyCount "76"]
[EventDate "2022.08.12"]
[EventType "team-swiss"]
[EventRounds "7"]
[EventCountry "GRE"]
[SourceTitle "CBM 209 Extra"]
[Source "ChessBase"]
[SourceDate "2022.09.30"]
[SourceVersion "1"]
[SourceVersionDate "2022.09.30"]
[SourceQuality "1"]
[WhiteTeam "Panionios YS"]
[BlackTeam "Eaao Fysiolatris Nikias"]
[WhiteTeamCountry "GRE"]
[BlackTeamCountry "GRE"]

1. e4 c5 2. Nf3 d6 3. d4 cxd4 4. Nxd4 Nf6 5. Nc3 a6 6. h4 Nbd7 7. a4 Nc5 8. f3 e5 9. Nb3 Nxb3 10. cxb3 Be6 11. Be3 Qa5 12. Bd3 Be7 13. 0-0 0-0 14. Bc2 Rfd8 15. Qe1 Qb4 16. Ne2 Qxe1 17. Rfxe1 d5 18. exd5 Nxd5 19. Bf2 Nb4 20. Rac1 Rd2 21. Bb1 Rxb2 22. Bc5 Bxc5+ 23. Rxc5 Rxb3 24. Rxe5 Nc6 25. Rc5 Rb4 26. Bc2 Rc4 27. Rxc4 Bxc4 28. Nc3 Kf8 29. Rb1 Rb8 30. Be4 Na5 31. Rb4 b5 32. Kf2 Ke7 33. Ke3 Kd6 34. axb5 axb5 35. Kd4 f5 36. Rb2 fxe4 37. Nxe4+ Kc6 38. Nd2 Rd8+ 0-1

[Event "GRE-ch U18 Girls"]
[Site "Chania"]
[Date "2021.07.18"]
[Round "5"]
[White "Papadokonstantaki, Aikaterini"]
[Black "Kratimenou, Georgia"]
[Result "0-1"]
[WhiteElo "1236"]
[BlackElo "1446"]
[PlyCount "54"]
[EventDate "2021.07.15"]
[EventType "swiss"]
[EventRounds "9"]
[EventCountry "GRE"]
[SourceTitle "EXT 2022"]
[Source "ChessBase"]
[SourceDate "2021.10.06"]
[SourceVersion "1"]
[SourceVersionDate "2021.10.06"]
[SourceQuality "1"]

1. e4 c5 2. Nc3 a6 3. a4 b6 4. g3 Bb7 5. Bg2 Nc6 6. d3 e6 7. Nge2 d6 8. f4 Nge7 9. 0-0 d5 10. Qe1 Nb4 11. Qd2 Qd7 12. e5 h5 13. Nd1 d4 14. Nf2 Bxg2 15. Kxg2 Nf5 16. Rh1 Ne3+ 17. Kg1 Nbxc2 18. Ra2 Qd5 19. Ne4 Qxa2 20. Kf2 Qxa4 21. Ng1 Qb3 22. Nf3 Nb4 23. Ne1 h4 24. h3 hxg3+ 25. Nxg3 Rh4 26. Nf3 Nxd3+ 27. Kg1 Rxf4 0-1

[Event "GRE-chT 46th"]
[Site "Rio Achaia"]
[Date "2018.07.15"]
[Round "7.4"]
[White "Kratimenou, Georgia"]
[Black "Antova, Gabriela"]
[Result "0-1"]
[WhiteElo "1428"]
[BlackElo "2301"]
[PlyCount "110"]
[EventDate "2018.07.10"]
[EventType "team"]
[EventRounds "7"]
[EventCountry "GRE"]
[SourceTitle "CBM 185 Extra"]
[Source "ChessBase"]
[SourceDate "2018.07.29"]
[SourceVersion "1"]
[SourceVersionDate "2018.07.29"]
[SourceQuality "1"]
[WhiteTeam "Panionios GA"]
[BlackTeam "Chania"]
[WhiteTeamCountry "GRE"]
[BlackTeamCountry "GRE"]

1. e4 e5 2. Nf3 Nf6 3. Nxe5 d6 4. Nf3 Nxe4 5. Nc3 Nxc3 6. dxc3 Be7 7. Bf4 Nc6 8. Qd2 Be6 9. Bd3 h6 10. h3 Qd7 11. 0-0-0 a6 12. Kb1 0-0-0 13. Be3 Bf6 14. Qe2 Na5 15. Nd4 Qa4 16. Nxe6 fxe6 17. Ba7 Rhe8 18. Bg6 Re7 19. Bd4 Nc6 20. Bxf6 gxf6 21. Qe3 Qh4 22. Be4 d5 23. Bf3 Kb8 24. g3 Qg5 25. Qxg5 fxg5 26. Bg4 Rf8 27. Rhe1 Rf6 28. Re2 Ka7 29. Kc1 Kb6 30. Rde1 Nd8 31. f3 Kc5 32. Re5 Kd6 33. h4 Nf7 34. R5e2 gxh4 35. gxh4 e5 36. Kd2 Rf4 37. Bc8 Rxf3 38. Bxb7 c6 39. Bc8 e4 40. c4 Ne5 41. cxd5 cxd5 42. b3 Rf8 43. Bxa6 Nf3+ 44. Kc1 Nxe1 45. Rxe1 Ra7 46. Be2 Rxa2 47. Kb1 Rfa8 48. Kc1 Ra1+ 49. Kd2 e3+ 50. Kxe3 Rxe1 51. Kd3 Rxe2 52. Kxe2 Rf8 53. c3 Rf4 54. h5 Rh4 55. b4 Rxh5 0-1

[Event "GRE-chT 46th"]
[Site "Rio Achaia"]
[Date "2018.07.12"]
[Round "4.3"]
[White "Kalyva, Kyriaki"]
[Black "Kratimenou, Georgia"]
[Result "1-0"]
[WhiteElo "1734"]
[BlackElo "1428"]
[PlyCount "83"]
[EventDate "2018.07.10"]
[EventType "team"]
[EventRounds "7"]
[EventCountry "GRE"]
[SourceTitle "CBM 185 Extra"]
[Source "ChessBase"]
[SourceDate "2018.07.29"]
[SourceVersion "1"]
[SourceVersionDate "2018.07.29"]
[SourceQuality "1"]
[WhiteTeam "Heraklion"]
[BlackTeam "Panionios GA"]
[WhiteTeamCountry "GRE"]
[BlackTeamCountry "GRE"]

1. d4 d5 2. c4 e6 3. Nc3 Bb4 4. cxd5 exd5 5. Qc2 Nf6 6. Bg5 h6 7. Bh4 Nc6 8. e3 Bxc3+ 9. bxc3 0-0 10. Bd3 Re8 11. Nf3 Qd6 12. Nd2 Qe6 13. 0-0 Ne7 14. Rae1 Nf5 15. Bxf6 Qxf6 16. e4 dxe4 17. Nxe4 Qd8 18. Re2 b6 19. Rfe1 Be6 20. h3 Nd6 21. c4 Qd7 22. Nxd6 Qxd6 23. Be4 Rad8 24. d5 Bd7 25. Re3 a5 26. Rd1 Qc5 27. Rg3 Qb4 28. a3 Qa4 29. Qd3 b5 30. Qd4 g5 31. Rc1 c5 32. Qd3 bxc4 33. Rxc4 Qb5 34. f4 f6 35. Bh7+ Kf8 36. Qg6 Re1+ 37. Kh2 Ke7 38. Qg7+ Kd6 39. Qxf6+ Kc7 40. Rgc3 Qb6 41. Rxc5+ Kb7 42. Rc7+ 1-0

[Event "GRE-ch U12 Girls"]
[Site "Rio Achaia"]
[Date "2018.07.06"]
[Round "6"]
[White "Kratimenou, Georgia"]
[Black "Kratimenou, Maria"]
[Result "1/2-1/2"]
[WhiteElo "1436"]
[BlackElo "1207"]
[PlyCount "62"]
[EventDate "2018.07.03"]
[EventType "swiss"]
[EventRounds "9"]
[EventCountry "GRE"]
[SourceTitle "EXT 2019"]
[Source "ChessBase"]
[SourceDate "2018.10.10"]
[SourceVersion "1"]
[SourceVersionDate "2018.10.10"]
[SourceQuality "1"]

1. b3 b6 2. c4 Bb7 3. Bb2 c5 4. Nc3 Nc6 5. e3 Nf6 6. Be2 e6 7. Nf3 Be7 8. 0-0 0-0 9. d3 Qc7 10. Qc2 h6 11. h3 Rac8 12. Rac1 d6 13. Rfd1 Rfd8 14. a3 a6 15. Bf1 b5 16. Be2 bxc4 17. bxc4 a5 18. a4 Qd7 19. Qd2 Nb4 20. Nb5 Bxf3 21. Bxf3 Rb8 22. Bxf6 Bxf6 23. Rb1 Rb6 24. Re1 Rdb8 25. Rb3 Be7 26. Reb1 Bf6 27. g3 g6 28. Bg2 h5 29. h4 Bg7 30. Kh2 Kh8 31. Kg1 Kg8 1/2-1/2

[Event "GRE-ch U12 Girls"]
[Site "Rio Achaia"]
[Date "2018.07.03"]
[Round "1"]
[White "Mplitsa, Artemis"]
[Black "Kratimenou, Georgia"]
[Result "1-0"]
[WhiteElo "1182"]
[BlackElo "1436"]
[PlyCount "67"]
[EventDate "2018.07.03"]
[EventType "swiss"]
[EventRounds "9"]
[EventCountry "GRE"]
[SourceTitle "EXT 2019"]
[Source "ChessBase"]
[SourceDate "2018.10.10"]
[SourceVersion "1"]
[SourceVersionDate "2018.10.10"]
[SourceQuality "1"]

1. e4 c5 2. Nf3 d6 3. d4 cxd4 4. Nxd4 Nf6 5. Nc3 g6 6. Be3 Bg7 7. f3 0-0 8. Qd2 Nc6 9. g4 Be6 10. Nxe6 fxe6 11. 0-0-0 Qa5 12. Kb1 a6 13. Bc4 Nd8 14. Ne2 Qxd2 15. Rxd2 b5 16. Bb3 d5 17. g5 Ne8 18. exd5 Rc8 19. f4 exd5 20. Rxd5 e6 21. Rc5 Rb8 22. Rd1 Kh8 23. Nd4 Rb6 24. Nf3 Rb8 25. Rd7 a5 26. a3 a4 27. Ba2 b4 28. axb4 Rxb4 29. c3 Rb8 30. Kc2 Nb7 31. Rc6 Nd8 32. Ra6 Rc8 33. Rxa4 Rb8 34. Ra6 1-0

[Event "GRE-chT 44th"]
[Site "Achaia"]
[Date "2016.07.05"]
[Round "1.7"]
[White "Louka, Marianthi"]
[Black "Kratimenou, Georgia"]
[Result "1-0"]
[WhiteElo "1358"]
[BlackElo "1110"]
[PlyCount "105"]
[EventDate "2016.07.05"]
[EventType "team-swiss"]
[EventRounds "7"]
[EventCountry "GRE"]
[SourceTitle "CBM 173 Extra"]
[Source "ChessBase"]
[SourceDate "2016.08.29"]
[SourceVersion "1"]
[SourceVersionDate "2016.08.29"]
[SourceQuality "1"]
[WhiteTeam "Kalamata Poseidon"]
[BlackTeam "Panionios GS"]
[WhiteTeamCountry "GRE"]
[BlackTeamCountry "GRE"]

1. e4 c5 2. Nc3 Nc6 3. Bb5 Nd4 4. Bc4 e6 5. f4 g6 6. Nf3 Bg7 7. 0-0 Ne7 8. Nxd4 Bxd4+ 9. Kh1 d6 10. a4 0-0 11. Ne2 Bg7 12. Ng3 a6 13. d3 Qc7 14. c3 Bd7 15. Be3 d5 16. Bb3 b5 17. f5 c4 18. dxc4 dxc4 19. Bc2 Rfd8 20. f6 Bc6 21. Qf3 Bh8 22. fxe7 Qxe7 23. Bg5 f6 24. Bxf6 Bxf6 25. Qxf6 Qxf6 26. Rxf6 Rd2 27. Rc1 bxa4 28. Rxe6 Bb7 29. Bxa4 Rxb2 30. Re8+ Rxe8 31. Bxe8 Kf8 32. Bd7 Ke7 33. Bg4 Kd6 34. h3 Ke5 35. Bf3 h5 36. h4 Kf4 37. Kh2 Bc6 38. Ra1 Bb5 39. Ne2+ Ke3 40. e5 Rxe2 41. Bxe2 Kxe2 42. Rb1 Bd7 43. Rb6 Bf5 44. e6 Bxe6 45. Rxe6+ Kd2 46. Rxa6 Kxc3 47. Rxg6 Kd2 48. Rc6 c3 49. Kg3 c2 50. Rxc2+ Kxc2 51. Kf4 Kd3 52. Kg5 Ke3 53. Kxh5 1-0

[Event "GRE-ch U10 Girls"]
[Site "Porto Rio"]
[Date "2016.06.29"]
[Round "2"]
[White "Kanteraki, Maria Myrto"]
[Black "Kratimenou, Georgia"]
[Result "1-0"]
[WhiteElo "1282"]
[BlackElo "1120"]
[PlyCount "109"]
[EventDate "2016.06.28"]
[EventType "swiss"]
[EventRounds "9"]
[EventCountry "GRE"]
[SourceTitle "CBM 173 Extra"]
[Source "ChessBase"]
[SourceDate "2016.08.29"]
[SourceVersion "1"]
[SourceVersionDate "2016.08.29"]
[SourceQuality "1"]

1. e4 c5 2. Nf3 d6 3. d4 cxd4 4. Nxd4 Nf6 5. Nc3 g6 6. f3 Bg7 7. Be3 0-0 8. Qd2 Nc6 9. g4 Nxd4 10. Bxd4 Bd7 11. h4 Qa5 12. h5 Rac8 13. 0-0-0 a6 14. Qh2 Qg5+ 15. Kb1 b5 16. e5 dxe5 17. Bxe5 Bc6 18. Be2 b4 19. f4 Nxg4 20. fxg5 Nxh2 21. Bxg7 Kxg7 22. Nd5 Rcd8 23. h6+ Kh8 24. Rxh2 Rxd5 25. Rxd5 Bxd5 26. Bxa6 Ra8 27. Rd2 Bxa2+ 28. Kxa2 Rxa6+ 29. Kb3 Ra8 30. Rd7 Re8 31. Kxb4 Kg8 32. c4 Kf8 33. c5 e5 34. Kc4 e4 35. Rd2 e3 36. Re2 Re7 37. Kd4 Rd7+ 38. Kxe3 Rd5 39. b4 Rxg5 40. c6 Ke8 41. Kf4+ Kd8 42. Kxg5 Kc7 43. Re7+ Kxc6 44. Rxf7 Kb6 45. Rxh7 Kb5 46. Rb7+ Kc6 47. h7 Kxb7 48. h8Q Kb6 49. Qd4+ Kb5 50. Qc5+ Ka6 51. b5+ Kb7 52. Qc6+ Ka7 53. b6+ Kb8 54. Qc7+ Ka8 55. Qa7# 1-0